Ciudades más grandes en Japón - Estadísticas

Estadísticas generales
  • Esta prueba ha sido intentada 118 veces
  • La puntuación promedio es 8 de 20
Estadísticas de respuestas
Población Ciudad % Correcto
9 555 919 Tokio
100%
2 725 006 Ōsaka
84%
1 199 252 Hiroshima
69%
1 966 416 Sapporo
63%
2 320 361 Nagoya
58%
1 468 980 Kyōto
54%
3 740 172 Yokohama
51%
1 579 450 Fukuoka
49%
1 527 407 Kōbe
49%
1 088 669 Sendai
33%
1 295 607 Saitama
31%
800 582 Niigata
26%
721 329 Okayama
22%
977 247 Chiba
19%
739 556 Kumamoto
19%
794 025 Hamamatsu
17%
945 595 Kitakyūshū
16%
1 516 483 Kawasaki
15%
831 017 Sakai
5%
723 012 Sagamihara
4%
No se encontraron pruebas coincidentes
Distribución de puntuación
Porcentaje de gente con cada puntuación
Porcentaje por número respondido
Historial de tus puntuaciones
No has intentado esta prueba.